| 000 | 00994nas a2200313 4500 | ||
|---|---|---|---|
| 001 | BR2012006332 | ||
| 003 | BR-BrBNA | ||
| 005 | 20231205121040.0 | ||
| 007 | ta | ||
| 008 | 230509b bl.|||p| |||| 00| 00por d | ||
| 040 |
_aBR-BrBNA _bpor _cBiblioteca Nacional de Agricultura |
||
| 041 | _a(Pt) | ||
| 072 | _aL72 | ||
| 100 | 1 | _aVoltarelli-Pachaly, E.M. | |
| 100 | 1 | _aToso, C. | |
| 100 | 1 | _aPrazeres, R.F. | |
| 100 | 1 | _aFarias, M.R. de | |
| 100 | 1 | _aSouza, M.V.F. | |
| 100 | 1 | _aPachaly, J.R. | |
| 245 | 1 | _aOcorrência de Pseudolynchia canariensis (Diptera: Hipoboscidae)em mocho-orelhudo (Asio chlamator, Strigiformes: strigidae)de vida livre - Primeiro relato no estado do Paraná | |
| 650 | _aAVE SELVAGEM | ||
| 650 | _aPRAGA DE ANIMAL | ||
| 650 | _aINSETO | ||
| 650 | _aMOSCA | ||
| 650 | _aPARANÁ | ||
| 773 | 0 |
_tMedvep Dermato (Brazil) _xISSN 2237-2768 _g(Oct-Dec 2011), v.1(1) p. 43-46 _wBR2012006332 |
|
| 909 |
_a202311 _bLúcia _c55 _dLúcia Elande |
||
| 942 |
_2AGRIS _n0 _cANA |
||
| 999 |
_c221599 _d221599 |
||